000 00972nam a2200277 a 4500
001 000025394
005 20200930023745.0
008 100702s1985 sp a r 000 |aspa d
020 _a8425314097
040 _aDO-SdBNP
_bspa
_cBNPHU
041 _aspa
_heng
_2Código de idioma MARC
082 _axxx
_bB525i, 1985
100 1 _aBerne, Eric
_951985
240 0 _aPrinciples of group treatment
_lEspañol
245 1 0 _aIntroducción al tratamiento de grupo /
_cEric Berne; traducción Marta Guastavino.
250 _a2a ed.
260 _aBarcelona :
_bGrijalbo,
_c1985.
300 _a413 p. ;
_c18 cm.
490 1 _aAutoayuda y Superación
504 _aIncluye referencias bibliográficas al pie de las páginas.
500 _aIncluye referencias bibliográficas al final de los capítulos
534 _aTítulo original :
_tPrinciples of group treatment
700 1 _aGuastavino, Marta
_etr.
_951986
830 0 _aAutoayuda y Superación
_951987
049 _aBNGR
999 _c24886
_d24886